000 00714nam a2200253Ia 4500
003 OSt
005 20221006143720.0
006 a|||||r|||| 00| 0
007 ta
008 221006b |||||||| |||| 00| 0 eng d
020 _a9780333536773
_cP40.00
024 _a9,748
037 _cTextual
040 _aEASL
_cEASL
_beng
041 _2eng
_aeng
082 _aX8(A).41.N91, N2
100 _aFURENG Dong
_9288274
245 0 _aIndustrialisation and China's rural modernisation
260 _aLondon
_bSt Martins Press
_c1992
300 _a113p.
_ccm.
490 _v CEL
_aStudies on the Chinese Economy
942 _hX8(A).41.N91, N2
_cTEXL
_2CC
999 _c1077834
_d1077834